Gravity and the organism (Record no. 26896)

MARC details
000 -LEADER
fixed length control field 00404nam a2200157Ia 4500
082 ## - DEWEY DECIMAL CLASSIFICATION NUMBER
Classification number 577.25
Item number GOR
100 ## - MAIN ENTRY--AUTHOR NAME
Personal name COHEN, Melvin J
245 #0 - TITLE STATEMENT
Title Gravity and the organism
260 ## - PUBLICATION, DISTRIBUTION, ETC. (IMPRINT)
Place of publication Chicago
Name of publisher University of Chicago
Year of publication 1971
650 ## - SUBJECT ADDED ENTRY--TOPICAL TERM
Topical Term Geotropism
650 ## - SUBJECT ADDED ENTRY--TOPICAL TERM
Topical Term Gravimorphism
650 ## - SUBJECT ADDED ENTRY--TOPICAL TERM
Topical Term Gravity receptor
700 ## - ADDED ENTRY--PERSONAL NAME
Personal name GORDON, Solon A
942 ## - ADDED ENTRY ELEMENTS (KOHA)
Koha item type Books
Holdings
Withdrawn status Lost status Damaged status Not for loan Home library Current library Date acquired Full call number Accession Number Koha item type
        RRII Library RRII Library 16/12/2021 577.25 GOR 07527 Books